| 000 | 01556nam a2200241 4500 | ||
|---|---|---|---|
| 001 | vtls003055444 | ||
| 003 | MY-SjTCS | ||
| 005 | 20200226121452.0 | ||
| 008 | 070912s2006 my a t 000 0 eng | ||
| 039 | 9 |
_a201809071427 _bVLOAD _c201809071234 _dVLOAD _y200709120944 _zfadilah |
|
| 082 | 0 | 4 | _aH067 |
| 245 | 0 | 0 |
_aTechnical industrial study _pBDH 15 _n(K) |
| 260 | _cMarch, 2005 | ||
| 300 |
_a1 v. (various pagings) _bill. ; _c30 cm. |
||
| 500 | _aCover title | ||
| 500 | _aTechnical industrial reports submitted to Taylor's College, School of Hospitality and Tourism. | ||
| 505 | _aAnalysis training program in Equatorial Cameron Highlands / Khoo Joo Hui - The internal communication between purchasing department, cost control and receiving department / Khor Wan Yee - Analyzing the performance of the employees in Taman Sari Brasserie coffeehouse, Istana hotel / Kwan Yee Wah - Analyzing the performanceof the employees in Taman Sari Brasserie Coffeehouse, Istana hotel / Kwan Yee Wah. | ||
| 610 | 2 | 0 |
_aTaylor's College. _bSchool of Hospitality and Tourism |
| 700 | 1 |
_aKhoo, Joo Hui. _tAnalysis training program in Equatorial Cameron Highlands. _9107118 |
|
| 700 | 1 |
_aKhor, Wan Yee. _tInternal communication between purchasing department, cost control and receiving department. _9107119 |
|
| 700 | 1 |
_aKwan, Yee Wah _tAnalyzing the performance of the employees in Taman Sari Brasserie coffeehouse, Istana hotel. _9107120 |
|
| 700 | 1 |
_aKwan, Yee Wah. _tAnalyzing the performanceof the employees in Taman Sari Brasserie Coffeehouse, Istana hotel. _9107121 |
|
| 999 | _c183517 | ||